000 00478nam a2200181Ia 4500
001 9194
005 20260306160705.0
008 260306t2011||||xx |||||||||||||| ||spa||
041 _aESP
082 _a375.001
_bG361
100 _aGobierno Regional Arequipa. Derrama Magisterial. Sutep Región Arequipa
_eAUT
245 0 _aPropuesta de diseño curricular regional Arequipa
260 _c2011
300 _a
_c
650 _aGEN
654 _aCED
942 _cLIB
_dJUS
_fJUS
_2ddc
_n
999 _c9194
_d9194